[Event "BRA-ch 87th"]
[Site "Cuiaba"]
[Date "2021.11.03"]
[Round "10"]
[White "Paniago, Lucio Erloiny Silva"]
[Black "Assad, Leonardo Vaz de Fig"]
[Result "0-1"]
[WhiteElo "1493"]
[BlackElo "1745"]
[PlyCount "132"]
[EventDate "2021.10.28"]
[EventType "swiss"]
[EventRounds "11"]
[EventCountry "BRA"]
[SourceTitle "CBM 205 Extra"]
[Source "ChessBase"]
[SourceDate "2022.01.31"]
[SourceVersion "1"]
[SourceVersionDate "2022.01.31"]
[SourceQuality "1"]

1. d4 Nf6 2. c4 g6 3. Nc3 d5 4. cxd5 Nxd5 5. Nf3 Bg7 6. g3 Nxc3 7. bxc3 c5 8. Bg2 0-0 9. 0-0 cxd4 10. cxd4 Nc6 11. Bb2 Qb6 12. Qd2 Rd8 13. e3 Bf5 14. Bc3 Be4 15. Qb2 Qa6 16. Rfd1 b6 17. Bf1 Qb7 18. Nd2 Bf5 19. Bg2 Qd7 20. Qb5 Rac8 21. Rac1 Bh3 22. Ba1 Bxg2 23. Kxg2 Qb7 24. f3 e6 25. Nb3 a6 26. Qe2 Nb4 27. a3 Nd5 28. e4 Nf6 29. Rc2 Rxc2 30. Qxc2 Rc8 31. Qd3 Rc6 32. Rc1 Rxc1 33. Nxc1 Qc6 34. Qc3 Qd7 35. Nd3 Ne8 36. Nb4 Nc7 37. Nc2 Nb5 38. Qc4 Qc7 39. Qxc7 Nxc7 40. Kf2 Kf8 41. Ke3 Ke8 42. Kd3 Kd7 43. Nb4 Bf8 44. Nc2 Kc6 45. Kc4 b5+ 46. Kb3 a5 47. Bc3 Kb6 48. Ne3 h5 49. h3 Bh6 50. Nc2 Ne8 51. Ne1 Nd6 52. Nd3 Nc4 53. Ne5 Nxe5 54. dxe5 Be3 55. Kc2 Bc5 56. Bb2 Bf2 57. g4 Kc5 58. Kd3 b4 59. f4 hxg4 60. hxg4 a4 61. f5 Be1 62. Bc1 Bc3 63. axb4+ Kxb4 64. Ba3+ Kb3 65. fxg6 fxg6 66. g5 Bxe5 0-1

[Event "Hebraica op 26th"]
[Site "Hebraica"]
[Date "2019.01.12"]
[Round "4"]
[White "Tsuchie, Pedro Pinheiro"]
[Black "Assad, Leonardo Vaz de Fig"]
[Result "0-1"]
[WhiteElo "1234"]
[BlackElo "1822"]
[PlyCount "62"]
[EventDate "2019.01.11"]
[EventType "swiss"]
[EventRounds "6"]
[EventCountry "BRA"]
[SourceTitle "EXT 2020"]
[Source "ChessBase"]
[SourceDate "2019.10.17"]
[SourceVersion "1"]
[SourceVersionDate "2019.10.17"]
[SourceQuality "1"]

1. e4 c5 2. Nf3 e6 3. g3 Nc6 4. Bg2 Nf6 5. e5 Ng4 6. d4 cxd4 7. Nxd4 Ngxe5 8. 0-0 Be7 9. Nc3 d5 10. Kh1 Qb6 11. Nb3 0-0 12. Be3 Qd8 13. Nd4 Bd7 14. Nxc6 Nxc6 15. Ne2 Bf6 16. Nd4 Na5 17. Re1 Nc4 18. Rb1 e5 19. Nf3 Bc6 20. Bc1 Re8 21. b3 Nd6 22. Bb2 Ne4 23. Qe2 Qb6 24. Kg1 Qc5 25. Nd2 Nc3 26. Bxc3 Qxc3 27. Qe3 Qxc2 28. Rbd1 Qxa2 29. Ra1 Qc2 30. Rec1 Qf5 31. Rc5 Qd7 0-1

[Event "Hebraica op 26th"]
[Site "Hebraica"]
[Date "2019.01.11"]
[Round "1"]
[White "Assad, Leonardo Vaz de Fig"]
[Black "Borger, David Lupovici"]
[Result "1/2-1/2"]
[WhiteElo "1822"]
[BlackElo "1370"]
[PlyCount "104"]
[EventDate "2019.01.11"]
[EventType "swiss"]
[EventRounds "6"]
[EventCountry "BRA"]
[SourceTitle "EXT 2020"]
[Source "ChessBase"]
[SourceDate "2019.10.17"]
[SourceVersion "1"]
[SourceVersionDate "2019.10.17"]
[SourceQuality "1"]

1. c4 e6 2. g3 d5 3. Bg2 Nf6 4. d4 Be7 5. Nf3 0-0 6. 0-0 Nbd7 7. cxd5 exd5 8. Nc3 c6 9. Qc2 Re8 10. Bf4 Bf8 11. Rfe1 g6 12. Rad1 Bg7 13. Ne5 Nxe5 14. Bxe5 Ng4 15. Bxg7 Kxg7 16. e4 dxe4 17. Rxe4 Bf5 18. Rxe8 Bxc2 19. Rxd8 Rxd8 20. Rd2 Bf5 21. d5 Nf6 22. Rd1 cxd5 23. Nxd5 Bc2 24. Rc1 Be4 25. Nxf6 Bxg2 26. Kxg2 Kxf6 27. Rc7 Rb8 28. Kf3 a6 29. b4 Kg7 30. h4 b5 31. Rc6 Ra8 32. Kf4 a5 33. bxa5 Rxa5 34. Rc2 Ra4+ 35. Ke5 Ra8 36. Kd4 Rd8+ 37. Kc3 Kf6 38. Kb4 Rb8 39. Rc5 Ra8 40. a3 Ra4+ 41. Kb3 Ra5 42. Rc3 Ra4 43. Rc8 h5 44. Rb8 Ra5 45. Rb7 Ke6 46. Rb8 Kf5 47. f3 f6 48. Rc8 g5 49. Rc5+ Kg6 50. hxg5 fxg5 51. Rc6+ Kg7 52. Rc7+ Kg6 1/2-1/2

[Event "Brasilia Terraviva op"]
[Site "Brasilia"]
[Date "2018.01.14"]
[Round "6"]
[White "Assad, Leonardo Vaz de Fig"]
[Black "Okamura, Milton Kasuo"]
[Result "0-1"]
[WhiteElo "1814"]
[BlackElo "2019"]
[PlyCount "90"]
[EventDate "2018.01.11"]
[EventType "swiss"]
[EventRounds "7"]
[EventCountry "BRA"]
[SourceTitle "CBM 182 Extra"]
[Source "ChessBase"]
[SourceDate "2018.02.23"]
[SourceVersion "1"]
[SourceVersionDate "2018.02.23"]
[SourceQuality "1"]

1. c4 e5 2. g3 Nf6 3. Bg2 d5 4. cxd5 Nxd5 5. Nf3 Nc6 6. Nc3 Nb6 7. d3 Be7 8. 0-0 0-0 9. Be3 Be6 10. a3 f5 11. b4 Nd4 12. Nxe5 Bf6 13. f4 c6 14. Rc1 Re8 15. Kh1 Bb3 16. Qd2 Bxe5 17. fxe5 Rxe5 18. Bxd4 Qxd4 19. Rf4 Qd7 20. Rcf1 Nc4 21. Qc1 Ne3 22. R1f2 Rae8 23. Bf1 g6 24. h3 Qg7 25. Kg1 R5e7 26. Qb2 Bf7 27. Na4 Qh6 28. Rh2 Qg5 29. Rf3 Bd5 30. h4 Qh6 31. Rf4 Nxf1 32. Kxf1 Re3 33. Nc3 Qg7 34. Qd2 Rxg3 35. Kf2 Rge3 36. Ne4 R3xe4 37. dxe4 Bxe4 38. a4 Qe5 39. e3 Qe7 40. Qd4 Rd8 41. Qc4+ Qf7 42. Qxf7+ Kxf7 43. Ke1 Rd3 44. Rd2 Rxe3+ 45. Kf2 Ra3 0-1